Équipe de France féminine à la Coupe du monde 2023 - Statistiques

Statistiques générales
  • Ce quiz a été pris 373 fois
  • Le résultat moyen est 13 sur 24
Statistiques - réponses
Poste Joueuse Club % Correct
D Wendie Renard Olympique lyonnais
96%
Sélectionneur Hervé Renard /
92%
A Eugénie Le Sommer Olympique lyonnais
89%
D Sakina Karchaoui Paris Saint-Germain
83%
D Selma Bacha Olympique lyonnais
76%
D Estelle Cascarino Manchester United
66%
A Kadidiatou Diani Paris Saint-Germain
64%
M Grace Geyoro Paris Saint-Germain
62%
G Pauline Peyraud-Magnin Juventus de Turin
62%
D Elisa De Almeida Paris Saint-Germain
60%
M Kenza Dali Aston Villa
55%
D Ève Périsset Chelsea
53%
M Sandie Toletti Real Madrid
51%
D Maëlle Lakrar Montpellier HSC
49%
A Clara Mateo Paris FC
48%
M Amel Majri Olympique lyonnais
47%
G Constance Picaud Paris Saint-Germain
46%
G Solène Durand EA Guingamp
46%
A Vicki Becho Olympique lyonnais
43%
M Léa Le Garrec FC Fleury 91
36%
A Viviane Asseyi West Ham
30%
M Laurina Fazer Paris Saint-Germain
24%
D Aïssatou Tounkara Manchester United
22%
A Naomie Feller Real Madrid
22%
Aucun quiz correspondant
Distribution des résultats
% des personnes avec chaque résultat
Percentile par nombre de réponses
Votre historique - résultats
Vous n’avez pas pris ce quiz